00514nam a2200193 a 4500001001300000003000900013005001700022008004100039020001000080082001900090100002400109245003600133260002400169300000800193500003500201505003600236650002400272700002400296nice12345678IN_TiNIC20260116013449.0050524s1994 raba grp 000 0 eng  ac10000a297.1228bKHA2 aKhan, Mohd Ferdouse aQuranic Principles of Education aRabatbIsescoc1994 a48p aincludes index and biblioraphy2 aThe case of the satanic verses. aQuran and Education1 aKhan, Mohd Ferdouse